00418nam a2200121Ia 4500003000400000008004100004040001600045082001800061245011300079260008800192300001100280490000500291GCL140319s9999 xx 000 0 ara d aGCL / cGCL04a346.04bع ش10aشرح احكام الايجار فى التقنين المدنى وتشريعات ايجار الاماكن a[S.N] : bلجنة الاعلام والدراسات المستقبلية ، c1990 a959 ص a